| 000 | 00807cam a22002294a 4500 | ||
|---|---|---|---|
| 999 |
_c59644 _d59644 |
||
| 001 | 14480591 | ||
| 005 | 20230328161845.0 | ||
| 008 | 060802s2007 paua b 001 0 eng | ||
| 020 | _a9780323048781 | ||
| 041 | _aeng | ||
| 080 | _a616-053.2 A-90 | ||
| 245 | 0 | 0 |
_aAtlas of pediatric physical diagnosis / _c[edited by] Basil J. Zitelli, Holly W. Davis. |
| 250 | _a5th ed. | ||
| 264 |
_aPhiladelphia : _bMosby/Elsevier, _c2007. |
||
| 300 |
_a966 p. : _bill. ; _c31 cm. |
||
| 653 | _aპედიატრია | ||
| 653 | _aმედიცინა | ||
| 700 | 1 |
_aZitelli, Basil J. _q _eრედაქტორი _917297 |
|
| 700 | 1 |
_aDavis, Holly W. _eრედაქტორი _917298 |
|
| 856 | 4 | 1 |
_3Table of contents only _uhttp://www.loc.gov/catdir/toc/ecip0618/2006025411.html |
| 942 |
_2udc _cBK |
||